000 00671nam a2200253Ia 4500
003 OSt
005 20221006145130.0
006 a|||||r|||| 00| 0
007 ta
008 221006b |||||||| |||| 00| 0 eng d
020 _c36.00
024 _a13,876
037 _cTextual
040 _aEASL
_cEASL
_beng
041 _2eng
_aeng
082 _aV73:19.N7, L0
100 _aHAAS Ernst B
_9114346
245 0 _aWeb of interdependence
260 _aNew Jersey
_bPrentice Hall
_c1970
300 _a115p.
_ccm.
490 _aAmerica's Role in World Affairs Series
942 _hV73:19.N7, L0
_cTEXL
_2CC
999 _c1081962
_d1081962